Statistiques concernant Pokémon fusionnés avec Rayquaza

Cliquez ici pour prendre le quiz!

Statistiques générales

  • Ce quiz a été pris 57 fois
  • Le résultat moyen est 12 sur 16

Statistiques - réponses

Réponse% Correct
Airmure
98%
Racaillou
96%
Ptéra
94%
Posipi
87%
Lunala
85%
Diancie
79%
Saquedeneu
79%
Phogleur
77%
Exagide
75%
Draïeul
66%
Bruyverne
58%
Nymphali
58%
Pyrobut
53%
Monthracite
51%
Floravol
49%
Minisange
45%

Distribution des résultats

Percentile par nombre de réponses

% des personnes avec chaque résultat

Votre développement - résultats

Vous n’avez pas pris ce quiz